000 00517nam a2200181Ia 4500
003 GCL
005 20240530101119.0
008 140319s9999 xx 000 0 eng d
040 _aGCL /
_cGCL
082 0 4 _a746.92
_bM T
_221
100 1 _aMULLER, CLAUDIA
245 1 0 _aTHE TIMELINE OF WORLD COSTUME:
_cMULLER, CLAUDIA
_bFROM FIG LEAF TO STREET FASHION /
260 _a[S.N] :
_bTHAMES AND HUDSON ،
_c1993
300 _bPICTURES ;
_c32 CM
650 0 4 _aCOSTUMES
650 0 4 _aHISTORY OF COSTUME
942 _2ddc
_cBK
999 _c24744
_d24744